guess the random adele song #2 - Statistics

General Stats
  • This quiz has been taken 155 times
  • The average score is 83 of 174
Answer Stats
Answer % Correct
i
96%
you
90%
love
77%
me
65%
like
45%
am
42%
will
38%
always
35%
i'm
34%
feel
31%
make
30%
i'll
23%
with
22%
again
18%
home
16%
cause
15%
say
14%
young
14%
alone
13%
whenever
11%
away
10%
free
10%
far
8%
however
8%
long
8%
stay
8%
fun
7%
whole
6%
clean
4%
whatever
4%
words
4%
No matching quizzes found
Score Distribution
Percent of People with Each Score
Percentile by Number Answered
Your Score History
You have not taken this quiz